Normal view
MARC view
- الخطوط العربية-الخط العربي
Entry Topical Term
001 - CONTROL NUMBER
- control field: 37645
003 - CONTROL NUMBER IDENTIFIER
- control field: JO-AjAnu
005 - DATE AND TIME OF LATEST TRANSACTION
- control field: 20230606080257.0
008 - FIXED-LENGTH DATA ELEMENTS
- fixed length control field: 230606|| aca||aabn | a|a d
040 ## - CATALOGING SOURCE
- Original cataloging agency: JO-AjAnu
- Transcribing agency: JO-AjAnu
150 ## - HEADING--TOPICAL TERM
- Topical term or geographic name entry element: الخطوط العربية-الخط العربي
670 ## - SOURCE DATA FOUND
- Source citation: Work cat.: (JO-AjAnu)19316: السيد محمود، مهدي, author 37644, علم نفسك الخطوط العربية نسخ،رقعة،فارسي،ثلث،ديواني